| 000 | 00517nam a2200145Ia 4500 | ||
|---|---|---|---|
| 008 | 140724s9999 xx 000 0 und d | ||
| 050 |
_aT 58.6 _b.B174 2013 |
||
| 100 | _aBalcora, Kevin John P. | ||
| 245 |
_aAlumni information system of Southville International School and Colleges / _cKevin John P. Balcora. |
||
| 260 |
_aLas PiƱas, Philippines : _bSouthville International School and Colleges, _cc2013. |
||
| 300 |
_a50 p. : _bill. ; _c28 cm. |
||
| 521 | _aInformation Technology | ||
| 942 | _cTH | ||
| 999 |
_c229102 _d229102 |
||